00639nam a2200193Ia 4500008004100000020000700041082001800048100002300066245004400089250000700133260003400140300002400174500001900198600002100217650005000238942000700288952013500295999001500430240925s9999 xx 000 0 und d aNA a005.30296 MIC aMicrosoft Office - 0aMicrosoft Word Version 6.0 Users Guide  aNA aCalifornia:bAutodeskc,1994. a862p.bNAfOriginal aIncludes Index aComputer Science aComputer science, information & general works cBK 011440708CSaUITUbUITUd1996-10-22eModern Book Society g150.00l0o005.30296 MICpQ0813r2024-09-25 07:12:13w2024-09-25yBK c3312d3312